logo

Bir Sreshtho Munshi Abdur Rouf Library
Jhenaidah Cadet College

Measuring The Radio Frequency Environment / (Record no. 6218)

MARC details
000 -LEADER
fixed length control field 00671nam a2200241 a 4500
001 - CONTROL NUMBER
JCCL Control Number 6218
003 - CONTROL NUMBER IDENTIFIER
JCCL marc code BD-JhCC
005 - DATE AND TIME OF LATEST TRANSACTION
control field 20180120171947.0
008 - FIXED-LENGTH DATA ELEMENTS--GENERAL INFORMATION
fixed length control field 180117s1985 N a|||| || | 001 0 eng d
020 ## - INTERNATIONAL STANDARD BOOK NUMBER
International Standard Book Number 0442281846
035 ## - SYSTEM CONTROL NUMBER
system control number (BD-JhCC)6218
040 ## - CATALOGING SOURCE
Original cataloging agency BD-JhCC
Modifying agency BD-JhCC
041 ## - LANGUAGE CODE
Language code of Book eng
082 ## - DEWEY DECIMAL CLASSIFICATION NUMBER
Classification number 621.38417
Author mark and Year SKO 1985
100 ## - MAIN ENTRY--PERSONAL NAME
Personal name Skomal, Edward N.
245 ## - TITLE STATEMENT
Title Measuring The Radio Frequency Environment /
Statement of responsibility, etc Edward N. Skomal & Albert A. Smith, Jr.
260 ## - PUBLICATION, DISTRIBUTION, ETC. (IMPRINT)
Place of publication, distribution, etc New York :
Name of publisher, distributor, etc Van Nostrand Reinhold Company,
Date of publication, distribution, etc 1985
300 ## - PHYSICAL DESCRIPTION
Pagination 368 p. :
Dimensions 24 cm.
650 ## - SUBJECT ADDED ENTRY--TOPICAL TERM
Topical term or geographic name as entry element Radio Measurements
700 ## - ADDED ENTRY--PERSONAL NAME
Personal name Smith, Albert A. Jr.
942 ## - ADDED ENTRY ELEMENTS (KOHA)
Source of classification or shelving scheme Dewey Decimal Classification
Koha item type Books
Holdings
Source of classification or shelving scheme Damaged status Not for loan Home library Current library Shelving location Date of accession Total Checkouts Full call number Barcode Date last seen Copy number Koha item type
Dewey Decimal Classification     JCC Rouf Library JCC Rouf Library General Stacks 01/17/2018   621.38417 SKO 1985 8055 01/17/2018 C-1 Books

JCC Library | Contacts | JCC Home

Last Update on 23 September 2017
Copyright @ 2017-2020 JCC Rouf Library
Rouf Library, Jhenidah Cadet College (JCC), Bangladesh